Введение в гендерные исследования: учебное пособие; Понятие гендера. Гендерные исследования; Тема пола в европейской философской и общественно-политической мысли (античность - средние века - Возрождение); Тема пола в европейской философской и общественно-политической мысли Нового времени; Тема пола в философской и общественно-политической мысли России середины XIX - середины XX в.; Женские движения. Возникновение и развитие феминизма; Гендерная идеология в Советской России; Антропобиологические аспекты гендерных исследований; Гендерная социализация; Семья: гендерные аспекты; Женщина и мужчина в экономической сфере; Гендерные аспекты политики; Гендерные измерения новейшей философии языка; Гендерный подход в педагогике; Религия в гендерном измерении; Интернет в гендерном измерении; Силы ужаса. Эссе об отвращении

Détails bibliographiques
Collectivité auteur: Московский государственный университет им. М. В. Ломоносова
Autres auteurs: Костикова И. В. Ирина Викторовна (редактор)
Résumé:На тит. с. и пер.: Моск. гос. ун-т им. М. В. Ломоносова - 250 лет
Рез. англ.
Langue:russe
Publié: Москва, Аспект Пресс, 2005
Édition:2-е изд., перераб. и доп.
TOC:Понятие гендера. Гендерные исследования;
Тема пола в европейской философской и общественно-политической мысли (античность - средние века - Возрождение);
Тема пола в европейской философской и общественно-политической мысли Нового времени;
А. А. Митрофанова, Тема пола в философской и общественно-политической мысли России середины XIX - середины XX в.;
Женские движения. Возникновение и развитие феминизма;
Ю. В. Градскова, Гендерная идеология в Советской России;
Е. З. Година, Антропобиологические аспекты гендерных исследований;
Ю. В. Градскова, Гендерная социализация;
Н. В. Тулина, Семья: гендерные аспекты;
И. Е. Калабихина, Женщина и мужчина в экономической сфере;
А. А. Митрофанова, Ю. В. Градскова, Гендерные аспекты политики;
А. А. Костикова, Гендерные измерения новейшей философии языка;
А. А. Митрофанова, Гендерный подход в педагогике;
И. А. Колосова, Религия в гендерном измерении;
О. В. Митина, А. Е. Войскунский, Интернет в гендерном измерении;
Ю. Кристева, Силы ужаса. Эссе об отвращении;
Collection:Классический университетский учебник
Sujets:
Format: Livre
KOHA link:https://koha.lib.tpu.ru/cgi-bin/koha/opac-detail.pl?biblionumber=86800

MARC

LEADER 00000nam0a2200000 4500
001 86800
005 20231101213513.0
010 |a 5756703314  |b (в пер.)  |b 3000 экз. 
021 |a RU  |b 05-9146  |9 05-477 
035 |a (RuTPU)RU\TPU\book\93200 
090 |a 86800 
100 |a 20051129d2005 m y0rusy5002 ca 
101 0 |a rus 
102 |a RU 
105 |a a j 011zy 
200 1 |a Введение в гендерные исследования  |e учебное пособие  |f Московский государственный университет им. М. В. Ломоносова; под ред. И. В. Костиковой 
205 |a 2-е изд., перераб. и доп. 
210 |a Москва  |c Аспект Пресс  |d 2005 
215 |a 252, [3] с.  |c ил.  |d 22 см. 
225 1 |a Классический университетский учебник 
300 |a На тит. с. и пер.: Моск. гос. ун-т им. М. В. Ломоносова - 250 лет 
300 |a Рез. англ. 
320 |a Библиогр.: с. 217-225. 
464 |t Понятие гендера. Гендерные исследования 
464 |t Тема пола в европейской философской и общественно-политической мысли (античность - средние века - Возрождение) 
464 |t Тема пола в европейской философской и общественно-политической мысли Нового времени 
464 |t Тема пола в философской и общественно-политической мысли России середины XIX - середины XX в.  |f А. А. Митрофанова 
464 |t Женские движения. Возникновение и развитие феминизма 
464 |t Гендерная идеология в Советской России  |f Ю. В. Градскова 
464 |t Антропобиологические аспекты гендерных исследований  |f Е. З. Година 
464 |t Гендерная социализация  |f Ю. В. Градскова 
464 |t Семья: гендерные аспекты  |f Н. В. Тулина 
464 |t Женщина и мужчина в экономической сфере  |f И. Е. Калабихина 
464 |t Гендерные аспекты политики  |f А. А. Митрофанова, Ю. В. Градскова 
464 |t Гендерные измерения новейшей философии языка  |f А. А. Костикова 
464 |t Гендерный подход в педагогике  |f А. А. Митрофанова 
464 |t Религия в гендерном измерении  |f И. А. Колосова 
464 |t Интернет в гендерном измерении  |f О. В. Митина, А. Е. Войскунский 
464 |t Силы ужаса. Эссе об отвращении  |o [фрагмент работы с сокращениями]  |f Ю. Кристева  |g пер. А. Костикова  |a Градскова, Ю. В. 
606 1 |a Гендерная политика  |x Социология  |2 stltpush  |3 (RuTPU)RU\TPU\subj\69867  |9 84542 
610 1 |a социология 
610 1 |a гендер 
610 1 |a гендерные роли 
610 1 |a гендерные исследования 
610 1 |a пол 
610 1 |a теория 
610 1 |a социализация 
610 1 |a семья 
610 1 |a мужчины 
610 1 |a женщины 
610 1 |a учебные пособия 
686 |a С55.53я73  |v LBC/SL-A  |2 rubbk 
702 1 |a Костикова  |b И. В.  |g Ирина Викторовна  |4 340 
712 0 2 |a Московский государственный университет им. М. В. Ломоносова  |2 stltpush  |3 (RuTPU)RU\TPU\col\7 
801 0 |a RU  |b RKP  |c 20050324  |g PSBO 
801 1 |a RU  |b 63413507  |c 20051129  |g PSBO 
801 2 |a RU  |b 63413507  |c 20140530  |g PSBO 
900 |a Гендер и средства массовой информации 
900 |a Методика исследований в социальной работе и социальная статистика 
942 |c BK 
951 |b 040000 
959 |a 117/20051222  |d 1  |e 170  |f НФ:1